Parties without Partisans. Political Change in Advanced Industrial Democracies. Part III: Parties in Government /
Wedi'i Gadw mewn:
| Prif Awdur: | |
|---|---|
| Awduron Eraill: | |
| Fformat: | Texto |
| Cyhoeddwyd: |
New York:
Oxford University Press
|
| Pynciau: | |
| Tagiau: |
Ychwanegu Tag
Dim Tagiau, Byddwch y cyntaf i dagio'r cofnod hwn!
|
MARC
| LEADER | 00000 a a2200000 04500 | ||
|---|---|---|---|
| 001 | 28803 | ||
| 003 | |||
| 040 | |||
| 020 | |a 0 19-925309-9 | ||
| 090 | |a 189609 | ||
| 100 | |a Dalton, Russell J | ||
| 245 | |a Parties without Partisans. Political Change in Advanced Industrial Democracies. Part III: Parties in Government / |c Russell J Dalton | ||
| 260 | |a New York: |b Oxford University Press | ||
| 300 | |a 351 p | ||
| 500 | |a Contiene índice y listas de gráficos y tablas.Incluye anotación curricular de los autoresContiene índice y listas de gráficos y tablas.Incluye anotación curricular de los autores en pp. xii-xiv | ||
| 650 | |a PARTIDOS POLITICOS | ||
| 650 | |a GOBIERNO | ||
| 650 | |a DEMOCRACIA | ||
| 650 | |a PODER POLITICO | ||
| 650 | |a ECONOMIA | ||
| 650 | |a REFERENDUMS NACIONALES | ||
| 650 | |a PARTIDOS INDEPENDIENTES | ||
| 700 | |a ed. |a Wattenberg, Martin P |a ed. | ||
| 999 | |c 11682 |d 11682 | ||
